LEADER 01071nam0-22003731i-450- 001 990000768640403321 005 20081127131424.0 010 $a88-7017-048-9 035 $a000076864 035 $aFED01000076864 035 $a(Aleph)000076864FED01 035 $a000076864 100 $a20020821d1987----km-y0itay50------ba 101 0 $aita 105 $aa-------001yy 200 1 $aColore e cittą$ei colori di Torino 1801-1863$fGiovanni Brino, Franco Rosso 205 $a2. ed. ampliata e aggiornata 210 $aTorino$cCitta di Torino, Assessorato all'Arredo urbano$dc1987 215 $a190 p.$cquasi tutte ill. color.$d29 cm 610 0 $aPalazzi 610 0 $aCittą 610 0 $aColore 610 0 $aEdifici 676 $a725 700 1$aBrino,$bGiovanni$f<1936- >$024023 702 1$aRosso,$bFranco 801 0$aIT$bUNINA$gRICA$2UNIMARC 901 $aBK 912 $a990000768640403321 952 $aTECN C 199$bINV.756$fFARBC 952 $aTECN C 198$bINV.1046$fFARBC 959 $aFARBC 996 $aColore e cittą$9350137 997 $aUNINA LEADER 01385nam--2200397---450- 001 990002818290203316 005 20060925143546.0 010 $a91-7916-024-7 035 $a000281829 035 $aUSA01000281829 035 $a(ALEPH)000281829USA01 035 $a000281829 100 $a20060925d1992----km-y0itay50------ba 101 $aeng 102 $aSE 105 $aa---||||001yy 200 1 $aAgriculture in ancient Greece$eproceedings of the seventh International symposium at the Swedish institute at Athens, 16-17 May, 1990$fedited by Berit Wells 210 $aStockholm$cPaul Astroms$d1992 215 $a178 p.$cill.$d31 cm 225 2 $aSkrifter utgivna av Svenska institutet i Athen$dActa Instituti atheniensis regni Sueciae$i4.$v42 410 0$12001$aSkrifter utgivna av Svenska institutet i Athen$dActa Instituti atheniensis regni Sueciae$i4.$v42 454 1$12001 461 1$1001-------$12001 606 0 $aAgricoltura$yGrecia antica$xCongressi$z1990 676 $a938.01 702 1$aWELLS,$bBerit 710 01$aSvenska institutet $0566237 801 0$aIT$bsalbc$gISBD 912 $a990002818290203316 951 $aI AP ISSIA 7$b6493 DBC$cI AP 959 $aBK 969 $aDBC 979 $aDBC$b90$c20060925$lUSA01$h1429 979 $aDBC$b90$c20060925$lUSA01$h1435 996 $aAgriculture in ancient Greece$9994684 997 $aUNISA